South Eastern Kenya University

Library Online Public Access Catalogue


The Harvard Medical School guide to healing your sinuses / (Record no. 14044)

MARC details
000 -LEADER
fixed length control field 01011cam a22002774a 4500
001 - CONTROL NUMBER
control field 13842782
003 - CONTROL NUMBER IDENTIFIER
control field OSt
005 - DATE AND TIME OF LATEST TRANSACTION
control field 20160516124905.0
008 - FIXED-LENGTH DATA ELEMENTS--GENERAL INFORMATION
fixed length control field 050114s2005 nyu 000 0 eng
010 ## - LIBRARY OF CONGRESS CONTROL NUMBER
LC control number 2005001284
020 ## - INTERNATIONAL STANDARD BOOK NUMBER
International Standard Book Number 0071444696
040 ## - CATALOGING SOURCE
Original cataloging agency SEKU
042 ## - AUTHENTICATION CODE
Authentication code pcc
050 00 - LIBRARY OF CONGRESS CALL NUMBER
Classification number RF 421
Item number .M4 2005
100 1# - MAIN ENTRY--PERSONAL NAME
Personal name Metson, Ralph B.
245 14 - TITLE STATEMENT
Title The Harvard Medical School guide to healing your sinuses /
Statement of responsibility, etc. Ralph Metson with Steve Mardon.
246 30 - VARYING FORM OF TITLE
Title proper/short title Guide to healing your sinuses
260 ## - PUBLICATION, DISTRIBUTION, ETC. (IMPRINT)
Place of publication, distribution, etc. New York :
Name of publisher, distributor, etc. McGraw Hill,
Date of publication, distribution, etc. c2005.
300 ## - PHYSICAL DESCRIPTION
Extent xiv, 210 p. ;
Dimensions 23 cm.
650 #0 - SUBJECT ADDED ENTRY--TOPICAL TERM
Topical term or geographic name as entry element Paranasal sinuses
General subdivision Diseases
Form subdivision Popular works.
700 1# - ADDED ENTRY--PERSONAL NAME
Personal name Mardon, Steven.
856 41 - ELECTRONIC LOCATION AND ACCESS
Materials specified Table of contents only
Uniform Resource Identifier <a href="http://www.loc.gov/catdir/toc/ecip056/2005001284.html">http://www.loc.gov/catdir/toc/ecip056/2005001284.html</a>
856 42 - ELECTRONIC LOCATION AND ACCESS
Materials specified Contributor biographical information
Uniform Resource Identifier <a href="http://www.loc.gov/catdir/enhancements/fy0621/2005001284-b.html">http://www.loc.gov/catdir/enhancements/fy0621/2005001284-b.html</a>
856 42 - ELECTRONIC LOCATION AND ACCESS
Materials specified Publisher description
Uniform Resource Identifier <a href="http://www.loc.gov/catdir/enhancements/fy1501/2005001284-d.html">http://www.loc.gov/catdir/enhancements/fy1501/2005001284-d.html</a>
942 ## - ADDED ENTRY ELEMENTS (KOHA)
Source of classification or shelving scheme Library of Congress Classification
Koha item type General circulation
Holdings
Withdrawn status Lost status Source of classification or shelving scheme Damaged status Not for loan Home library Current library Shelving location Date acquired Source of acquisition Total Checkouts Full call number Barcode Date last seen Price effective from Koha item type Public note
    Library of Congress Classification     Main Campus Library Main Campus Library General Stacks 16/05/2016 Donation-books for Africa   RF 421 .M4 2005 2016/018162 16/05/2016 16/05/2016 General circulation A.K.
Kitui, Kenya.
+254736116989
library@seku.ac.ke